000 00280nam a22001217a 4500
082 _a894.812
_bSUD/M
100 _aSUDHAKARAN, VALLAYANI
245 _aMALAYALAM GURUNATHAN
260 _aTRIVANDRUM
_bPRASANTHI PUBLICATIONS
300 _a510
520 _aMALAYALAM BOOK
942 _cBK
999 _c4102
_d4102